000 00554nam a2200229Ia 4500
003 OSt
005 20260220095424.0
008 210210b1946 xxu||||| |||| 00| 0 eng d
040 _aAL
_c
041 _aeng
082 _a829/128
100 _aCarrol G
_924474
245 _aAlices adventures in wonderland
260 _aLondon
_bPenguin Books
_c1946
650 _awonderland
_924475
650 _ain
_924476
650 _aAlices
_924477
650 _aadventures
_924478
690 _aEnglish Fiction
_924479
906 _a016738
942 _2ddc
_cBK
999 _c136408
_d136408